The riddle of the Wren /

Bibliographic Details
Main Author: De Lint, Charles, 1951-
Format: Book
Language:English
Published: New York : Ace Fantasy Books, 1984.

MARC

Tag First Indicator Second Indicator Subfields
LEADER 00000cam a2200000 a 4500
001 in00000034274
005 20171107144800.0
008 840629s1984 nyu 00011 eng d
020 |a 0441722296 (pbk.) 
035 |a (OCoLC)10900735 
035 |9 AAC1356AM 
040 |a CSB  |c CSB  |d TXA  |d UtOrBLW 
049 |a TXAS  |c [A09879924] 
050 4 |a PR9199.3.D357  |b R5 1984 
100 1 |a De Lint, Charles,  |d 1951- 
245 1 4 |a The riddle of the Wren /  |c Charles de Lint. 
264 1 |a New York :  |b Ace Fantasy Books,  |c 1984. 
300 |a 295 pages ;  |c 18 cm. 
336 |a text  |b txt  |2 rdacontent 
337 |a unmediated  |b n  |2 rdamedia 
338 |a volume  |b nc  |2 rdacarrier 
999 |a MARS 
999 f f |s 12f8b315-56a7-39e1-a63f-debd32c0988e  |i 5719e929-2fdc-3eb9-94c8-86c20ec1e6a2  |t 0 
952 f f |p noncirc  |a Texas A&M University  |b College Station  |c Cushing Memorial Library & Archives  |d Cushing: Science Fiction (Does not check out)  |t 0  |e PR9199.3.D357 R5 1984  |h Library of Congress classification  |i unmediated -- volume  |m A14809879924 
998 f f |a PR9199.3.D357 R5 1984  |t 0  |l Cushing: Science Fiction (Does not check out)